000 00474nam a2200181Ia 4500
008 090124s9999 xx 000 0 und d
082 _b121142
100 _aनरवणे सुधा
245 _a इंद्रधनू
250 _a0
260 _c1985
300 _a162
600 _aनरवणे सुधा
630 _a इंद्रधनू
700 _aनरवणे सुधा
730 _a इंद्रधनू
942 _cBOOK
999 _c167228
_d167228